logo

Bir Sreshtho Munshi Abdur Rouf Library
Jhenaidah Cadet College

A Regional Geography for Advanced and Scholarship Courses / (Record no. 4647)

MARC details
000 -LEADER
fixed length control field 00596nam a2200229 a 4500
001 - CONTROL NUMBER
JCCL Control Number 4647
003 - CONTROL NUMBER IDENTIFIER
JCCL marc code BD-JhCC
005 - DATE AND TIME OF LATEST TRANSACTION
control field 20171129164037.0
008 - FIXED-LENGTH DATA ELEMENTS--GENERAL INFORMATION
fixed length control field 171129s19311969enka|||| ||a| 001 0 eng d
020 ## - INTERNATIONAL STANDARD BOOK NUMBER
International Standard Book Number 582310555
035 ## - SYSTEM CONTROL NUMBER
system control number (BD-JhCC)4647
040 ## - CATALOGING SOURCE
Original cataloging agency BD-JhCC
Modifying agency BD-JhCC
041 ## - LANGUAGE CODE
Language code of Book eng
082 ## - DEWEY DECIMAL CLASSIFICATION NUMBER
Classification number 914
Author mark and Year STA 1931
100 ## - MAIN ENTRY--PERSONAL NAME
Personal name Stamp, Sir Dudley
245 ## - TITLE STATEMENT
Title A Regional Geography for Advanced and Scholarship Courses /
Statement of responsibility, etc Sir Dudley Stamp
260 ## - PUBLICATION, DISTRIBUTION, ETC. (IMPRINT)
Place of publication, distribution, etc London :
Name of publisher, distributor, etc Longmans,
Date of publication, distribution, etc 1931.
300 ## - PHYSICAL DESCRIPTION
Pagination 336 p. :
Dimensions 22 cm.
650 ## - SUBJECT ADDED ENTRY--TOPICAL TERM
Topical term or geographic name as entry element Regional Gography
942 ## - ADDED ENTRY ELEMENTS (KOHA)
Source of classification or shelving scheme Dewey Decimal Classification
Koha item type Books
Holdings
Source of classification or shelving scheme Damaged status Not for loan Home library Current library Shelving location Date of accession Total Checkouts Full call number Barcode Date last seen Copy number Koha item type
Dewey Decimal Classification     JCC Rouf Library JCC Rouf Library General Stacks 11/29/2017   914 STA 1931 6388 11/29/2017 C-1 Books

JCC Library | Contacts | JCC Home

Last Update on 23 September 2017
Copyright @ 2017-2020 JCC Rouf Library
Rouf Library, Jhenidah Cadet College (JCC), Bangladesh